Top 10 Tottenham Hotspur Premier League Appearances - Statistics

General Stats
  • This quiz has been taken 304 times
    192 since last reset
  • The average score is 6 of 10
Answer Stats
Player Apps % Correct
Harry Kane 317
99%
Hugo Lloris 361
92%
Son Heung-min 333
88%
Jermain Defoe 276
67%
Ledley King 267
56%
Robbie Keane 241
54%
Eric Dier 274
44%
Sol Campbell 254
42%
Darren Anderton 299
37%
Aaron Lennon 266
36%
No matching quizzes found
Score Distribution
Percent of People with Each Score
Percentile by Number Answered
Your Score History
You have not taken this quiz since the last reset